000 00545nam a2200193 a 4500
001 000017826
005 20200929165238.0
008 100406s2005 dr 000 0 spa d
020 _a9993404160
040 _aDO-SdBNP
_bspa
_cBNPHU
082 _axxxx
_bC345m
100 1 _aCassó, Antonio
_d1928-
_97151
245 1 4 _aLas manos invisibles /
_cAntonio Cassó.
250 _a2a ed.
260 _aSanto Domingo :
_bCocolo,
_c2005.
300 _a103 p. ;
_c22 cm.
500 _aIncluye datos biográficos del autor en las solapas
049 _aBNPD
999 _c17350
_d17350